World Cities by Rail transit picture #2 - Statistics

General Stats
  • This quiz has been taken 61 times
    24 since last reset
  • The average score is 8 of 15
Answer Stats
Picture Answer % Correct
Melbourne
76%
New Delhi
76%
Toronto
76%
Mexico City
71%
Shanghai
71%
Istanbul
62%
Johannesburg
62%
Jakarta
57%
Cairo
52%
Santiago
52%
Medellin
43%
Nuremberg
43%
Casablanca
38%
Jerusalem
38%
Panama City
24%
No matching quizzes found
Score Distribution
Percent of People with Each Score
Percentile by Number Answered
Your Score History
You have not taken this quiz since the last reset